Climax, (Record no. 5675)
[ view plain ]
| 000 -LEADER | |
|---|---|
| fixed length control field | 00576cam a22001931 4500 |
| 001 - CONTROL NUMBER | |
| control field | af 48003606 |
| 003 - CONTROL NUMBER IDENTIFIER | |
| control field | DLC |
| 005 - DATE AND TIME OF LATEST TRANSACTION | |
| control field | 20260227110903.0 |
| 008 - FIXED-LENGTH DATA ELEMENTS--GENERAL INFORMATION | |
| fixed length control field | 890605s1946 ne c 000 0 dut c |
| 010 ## - LIBRARY OF CONGRESS CONTROL NUMBER | |
| LC control number | af 48003606 |
| 035 ## - SYSTEM CONTROL NUMBER | |
| System control number | (OCoLC)19819488 |
| 040 ## - CATALOGING SOURCE | |
| Original cataloging agency | California. Univ. Libr. |
| Transcribing agency | CU |
| Modifying agency | DLC |
| 050 00 - LIBRARY OF CONGRESS CALL NUMBER | |
| Classification number | PT5484 |
| Item number | .C55 |
| 245 00 - TITLE STATEMENT | |
| Title | Climax, |
| Remainder of title | opklimmend in de verdrukking. |
| 260 ## - PUBLICATION, DISTRIBUTION, ETC. | |
| Place of publication, distribution, etc. | [Barendrecht?] |
| Name of publisher, distributor, etc. | Rayon Barendrecht L.O. |
| Date of publication, distribution, etc. | [1946] |
| 300 ## - PHYSICAL DESCRIPTION | |
| Extent | 95 p. |
| Other physical details | port. |
| Dimensions | 21 cm. |
| 651 #0 - SUBJECT ADDED ENTRY--GEOGRAPHIC NAME | |
| Geographic name | Netherlands |
| General subdivision | History |
| Chronological subdivision | German occupation, 1940-1945 |
| General subdivision | Poetry. |
| 650 #0 - SUBJECT ADDED ENTRY--TOPICAL TERM | |
| Topical term or geographic name entry element | Dutch poetry. |
No items available.